[Event "SVK-chT1E 2425"]
[Site "Slovakia"]
[Date "2025.02.02"]
[Round "7.3"]
[White "Garban, Mario"]
[Black "Seget, Milan"]
[Result "1-0"]
[WhiteElo "2143"]
[BlackElo "2050"]
[PlyCount "95"]
[EventDate "2024.11.16"]
[EventType "team-tourn"]
[EventRounds "11"]
[EventCountry "SVK"]
[SourceTitle "CB14_2025"]
[SourceDate "2024.11.01"]
[SourceVersion "1"]
[SourceVersionDate "2024.11.01"]
[SourceQuality "1"]
[WhiteTeam "Dunajov Martin II"]
[BlackTeam "Zvolen Slavia"]
[WhiteTeamCountry "SVK"]
[BlackTeamCountry "SVK"]

1. e4 c6 2. Ne2 d5 3. e5 Bf5 4. Nd4 Bc8 5. e6 fxe6 6. Qh5+ g6 7. Qe5 Nf6 8. Nxe6 Bxe6 9. Qxe6 Qd7 10. Qxd7+ Nbxd7 11. d4 e5 12. dxe5 Nxe5 13. Bf4 Bd6 14. Be2 0-0-0 15. Bg5 Ned7 16. 0-0 Rde8 17. Bd3 Ne4 18. Bxe4 Rxe4 19. Nd2 Re6 20. Rfe1 Rhe8 21. Rxe6 Rxe6 22. Kf1 Nc5 23. b3 Kd7 24. Re1 a6 25. Be3 Ne4 26. Nxe4 Rxe4 27. a4 Bb4 28. Rd1 Bc3 29. Rd3 Bf6 30. f3 Re8 31. Bc5 Kc7 32. a5 Bh4 33. g3 Bg5 34. b4 Re6 35. c3 Bf6 36. Kf2 Re8 37. Bb6+ Kd6 38. Bc5+ Kc7 39. h4 Re6 40. Bb6+ Kc8 41. Bd4 Kd7 42. Bxf6 Rxf6 43. Re3 Rf8 44. h5 Kd6 45. hxg6 hxg6 46. f4 Rf7 47. Re8 Kc7 48. Rg8 1-0

[Event "SVK-chT 2425"]
[Site "Slovakia"]
[Date "2025.01.19"]
[Round "4.7"]
[White "Kusiak, Matej"]
[Black "Garban, Mario"]
[Result "1/2-1/2"]
[WhiteElo "2227"]
[BlackElo "2181"]
[PlyCount "132"]
[EventDate "2024.11.23"]
[EventType "team-tourn"]
[EventRounds "11"]
[EventCountry "SVK"]
[SourceTitle "CB14_2025"]
[SourceDate "2024.11.01"]
[SourceVersion "1"]
[SourceVersionDate "2024.11.01"]
[SourceQuality "1"]
[WhiteTeam "Humenne Reinter"]
[BlackTeam "Dunajov/Martin"]
[WhiteTeamCountry "SVK"]
[BlackTeamCountry "SVK"]

1. e4 d6 2. d4 Nf6 3. Nc3 e5 4. dxe5 dxe5 5. Qxd8+ Kxd8 6. Nf3 Bd6 7. Bc4 Ke7 8. Nh4 c6 9. Nf5+ Bxf5 10. exf5 Nbd7 11. Bg5 Bb4 12. 0-0-0 Bxc3 13. bxc3 Rhe8 14. Rxd7+ Kxd7 15. Bxf7 Re7 16. Rd1+ Kc7 17. Be6 Rae8 18. Re1 Rxe6 19. fxe6 Rxe6 20. c4 Kd7 21. Be3 b6 22. h3 Kc7 23. f3 Re8 24. Bd2 Kd6 25. Bb4+ Ke6 26. g4 Kf7 27. Bc3 Nd7 28. Kd2 g5 29. Ke3 b5 30. cxb5 cxb5 31. Rd1 Nb6 32. Ke4 Rc8 33. Bxe5 Rxc2 34. Rb1 a6 35. Rb2 Rc4+ 36. Bd4 Na4 37. Rh2 Nc5+ 38. Kd5 Ne6 39. Be5 Nf4+ 40. Kd6 Ng6 41. Rd2 h6 42. Bd4 b4 43. Kd5 Rc1 44. Rb2 Nf4+ 45. Ke4 Re1+ 46. Be3 a5 47. h4 Nd5 48. Kxd5 Rxe3 49. hxg5 hxg5 50. Rf2 Kf6 51. Kd4 Ra3 52. Ke4 Rc3 53. Kd4 Ke6 54. Re2+ Kd6 55. Ke4 Kc6 56. f4 Rc4+ 57. Kf5 Rc5+ 58. Ke4 Kd6 59. Rd2+ Ke6 60. f5+ Ke7 61. Kd4 Rc3 62. Ke5 Re3+ 63. Kd4 Rg3 64. Ke5 Re3+ 65. Kd4 Rg3 66. Ke5 Re3+ 1/2-1/2

[Event "SVK-chT1E 2425"]
[Site "Slovakia"]
[Date "2025.01.11"]
[Round "5.3"]
[White "Garban, Mario"]
[Black "Dziewonski, Dariusz"]
[Result "1/2-1/2"]
[WhiteElo "2143"]
[BlackElo "2211"]
[PlyCount "117"]
[EventDate "2024.11.16"]
[EventType "team-tourn"]
[EventRounds "11"]
[EventCountry "SVK"]
[SourceTitle "CB14_2025"]
[SourceDate "2024.11.01"]
[SourceVersion "1"]
[SourceVersionDate "2024.11.01"]
[SourceQuality "1"]
[WhiteTeam "Dunajov Martin II"]
[BlackTeam "Zákamenne Tatran"]
[WhiteTeamCountry "SVK"]
[BlackTeamCountry "SVK"]

1. e4 c5 2. Nf3 Nc6 3. Bc4 e6 4. Qe2 a6 5. a4 Be7 6. e5 d6 7. exd6 Qxd6 8. Nc3 Nf6 9. d3 b6 10. Ne4 Qc7 11. Bg5 Nxe4 12. Qxe4 Bxg5 13. Nxg5 h6 14. Nf3 Bb7 15. Bd5 0-0 16. Bxc6 Bxc6 17. Qe5 Rac8 18. Qxc7 Rxc7 19. Ke2 a5 20. Rhe1 Rd8 21. b3 Re7 22. g3 e5 23. Nd2 e4 24. dxe4 Bxe4 25. Nxe4 Rxe4+ 26. Kf3 Red4 27. h4 c4 28. Re2 Rc8 29. Rae1 Kf8 30. Re4 Rxe4 31. Rxe4 cxb3 32. cxb3 Rc3+ 33. Re3 Rc5 34. Kf4 g6 35. Re5 Rc2 36. f3 h5 37. Rb5 Rc6 38. g4 hxg4 39. fxg4 Re6 40. h5 gxh5 41. gxh5 Kg7 42. Rg5+ Kh6 43. Rf5 Kg7 44. Re5 Rd6 45. Ke4 Kh6 46. Rb5 Re6+ 47. Kf4 Kg7 48. Re5 Rd6 49. Rb5 Kh6 50. Ke4 Kg7 51. Re5 Kh6 52. Rf5 Kg7 53. Ke3 Rd7 54. Rb5 Rd6 55. Ke4 Kh6 56. Rf5 Kg7 57. Ke3 Rd7 58. Rb5 Rd6 59. Rf5 1/2-1/2

[Event "SVK-chT2C 2425"]
[Site "Slovakia"]
[Date "2024.12.01"]
[Round "4.3"]
[White "Kopecny, Filip"]
[Black "Garban, Mario"]
[Result "1/2-1/2"]
[WhiteElo "1964"]
[BlackElo "2143"]
[PlyCount "122"]
[EventDate "2024.11.09"]
[EventType "team-tourn"]
[EventRounds "11"]
[EventCountry "SVK"]
[SourceTitle "CB51_2024"]
[SourceDate "2024.12.18"]
[SourceVersion "1"]
[SourceVersionDate "2024.12.18"]
[SourceQuality "1"]
[WhiteTeam "Nova Bana Slovan"]
[BlackTeam "Dunajov Martin III"]
[WhiteTeamCountry "SVK"]
[BlackTeamCountry "SVK"]

1. e4 e5 2. Nf3 Nc6 3. Bc4 Bc5 4. c3 Nf6 5. d3 d6 6. b4 Bb6 7. Qb3 Qe7 8. a4 a5 9. b5 Nd8 10. 0-0 Be6 11. Nbd2 0-0 12. Ba3 Bxc4 13. Nxc4 Nd7 14. Rfe1 Bc5 15. Bb2 Nb6 16. Nxb6 Bxb6 17. Rad1 Qe6 18. Qc2 c5 19. Nd2 Bc7 20. c4 f5 21. Nb1 f4 22. f3 b6 23. Nc3 Qf7 24. Nd5 Ne6 25. Qf2 Bd8 26. Kf1 Qh5 27. Qg1 Rb8 28. Ke2 Nc7 29. Nxc7 Bxc7 30. Kd2 Rf6 31. Kc2 Rbf8 32. Rd2 Rg6 33. Qh1 Bd8 34. Ree2 Bh4 35. h3 Bg3 36. Qf1 Qh4 37. Qh1 h5 38. Qf1 Rh6 39. Kb3 g5 40. Qd1 g4 41. hxg4 hxg4 42. fxg4 Qxg4 43. Qc2 Rf7 44. Ka2 Rh1 45. Rd1 Rfh7 46. Rxh1 Rxh1 47. Kb3 Qh5 48. Ka2 Kf8 49. Kb3 Ke7 50. Ka2 Kf6 51. Kb3 Rf1 52. Ka2 Rh1 53. Kb3 Be1 54. Ka2 Bb4 55. Rf2 Ke6 56. Re2 Qg4 57. Kb3 Kf6 58. Ka2 Re1 59. Rxe1 Bxe1 60. Qc1 Qe2 61. Qxf4+ Ke7 1/2-1/2

[Event "SVK-chT1E 2425"]
[Site "Slovakia"]
[Date "2024.11.16"]
[Round "1.3"]
[White "Garban, Mario"]
[Black "Hudak, Vasil"]
[Result "1-0"]
[WhiteElo "2143"]
[BlackElo "1950"]
[PlyCount "83"]
[EventDate "2024.11.16"]
[EventType "team-tourn"]
[EventRounds "11"]
[EventCountry "SVK"]
[SourceTitle "CB51_2024"]
[SourceDate "2024.12.18"]
[SourceVersion "1"]
[SourceVersionDate "2024.12.18"]
[SourceQuality "1"]
[WhiteTeam "Dunajov Martin II"]
[BlackTeam "Kosice Slavia TU"]
[WhiteTeamCountry "SVK"]
[BlackTeamCountry "SVK"]

1. e4 e5 2. Bc4 Nf6 3. d3 c6 4. Qe2 d5 5. Bb3 dxe4 6. dxe4 Bc5 7. Nf3 0-0 8. Nc3 Bg4 9. h3 Bh5 10. Bg5 h6 11. Be3 Na6 12. Rd1 Qe7 13. g4 Bg6 14. Nh4 Kh7 15. Nf5 Bxf5 16. gxf5 g6 17. Bxc5 Nxc5 18. Qf3 Nxb3 19. axb3 Nh5 20. Ne2 Rad8 21. 0-0 Qg5+ 22. Kh2 Nf4 23. Nxf4 Qxf4+ 24. Qxf4 exf4 25. fxg6+ fxg6 26. f3 Kg7 27. Kg2 Kf6 28. Kf2 a5 29. Rg1 b6 30. h4 Rfe8 31. Ke2 g5 32. hxg5+ hxg5 33. Rxd8 Rxd8 34. Rh1 Kg6 35. c3 g4 36. fxg4 Kg5 37. Rh7 Kxg4 38. Rg7+ Kh5 39. Rc7 Kg4 40. Rxc6 f3+ 41. Ke3 f2 42. Rg6+ 1-0

[Event "SVK-chT2C 2324"]
[Site "Slovakia"]
[Date "2024.03.17"]
[Round "11.2"]
[White "Szamos, Alexander"]
[Black "Garban, Mario"]
[Result "1-0"]
[WhiteElo "2114"]
[BlackElo "2148"]
[PlyCount "191"]
[EventDate "2023.10.07"]
[EventType "team-tourn"]
[EventRounds "11"]
[EventCountry "SVK"]
[SourceTitle "EXT 2025"]
[Source "ChessBase"]
[SourceDate "2024.10.14"]
[SourceVersion "1"]
[SourceVersionDate "2024.10.14"]
[SourceQuality "1"]
[WhiteTeam "Filakovo"]
[BlackTeam "Dunajov Martin III"]
[WhiteTeamCountry "SVK"]
[BlackTeamCountry "SVK"]

1. Nf3 d6 2. d4 Bg4 3. c4 Nd7 4. e4 e5 5. Be2 Be7 6. Nc3 Bxf3 7. Bxf3 Bg5 8. 0-0 Bxc1 9. Rxc1 Ne7 10. d5 0-0 11. b4 b6 12. Na4 g6 13. c5 f5 14. cxd6 cxd6 15. Nc3 a6 16. Qd3 Nf6 17. Rc2 Qd7 18. Rfc1 Rfc8 19. h4 b5 20. h5 Rc4 21. hxg6 hxg6 22. a3 Rac8 23. exf5 gxf5 24. Qd2 f4 25. Be2 Rd4 26. Bd3 Kf7 27. Ne2 Rxc2 28. Qxc2 Rxd5 29. a4 f3 30. gxf3 Qh3 31. axb5 axb5 32. Qb3 Kf8 33. Ng3 Rd4 34. Bf5 Nxf5 35. Qe6 Ne8 36. Nxf5 Qh7 37. Nxd4 exd4 38. Rc8 Qe7 39. Qxe7+ Kxe7 40. Kf1 Kd7 41. Rb8 Nc7 42. f4 Ke6 43. Ke2 Nd5 44. f5+ Kf6 45. Kd2 Nxb4 46. Rxb5 Na6 47. Rd5 Nc5 48. Rxd6+ Ke5 49. Rd8 Nb7 50. Re8+ Kxf5 51. Kd3 Nd6 52. Rd8 Ke5 53. Rh8 Nf5 54. Ra8 Kf4 55. Ra5 Ne7 56. Rc5 Nf5 57. Rd5 Ng7 58. Rxd4+ Kf3 59. Rd7 Nf5 60. Rf7 Kf4 61. Ke2 Ke4 62. Ra7 Nd4+ 63. Kf1 Ne6 64. Ra4+ Kf3 65. Ra3+ Kg4 66. Rg3+ Kf5 67. Kg2 Nf4+ 68. Kf3 Nd3 69. Rg8 Ne5+ 70. Kg3 Nd3 71. Ra8 Ne5 72. f4 Nd7 73. Kf3 Nf6 74. Ra5+ Kg6 75. Rg5+ Kf7 76. Ke3 Ke6 77. Kd4 Nd7 78. Ra5 Nf6 79. f5+ Ke7 80. Ra7+ Kd6 81. Ra6+ Ke7 82. Ke5 Nd7+ 83. Kf4 Nf8 84. Kg5 Kf7 85. Rf6+ Kg7 86. Rxf8 Kxf8 87. Kf6 Kg8 88. Ke7 Kh7 89. f6 Kg6 90. f7 Kg7 91. f8Q+ Kh7 92. Qf7+ Kh8 93. Qh5+ Kg7 94. Qg5+ Kh7 95. Kf7 Kh8 96. Qh6# 1-0

[Event "SVK-chT1E 2223"]
[Site "Slovakia"]
[Date "2024.03.09"]
[Round "10.6"]
[White "Garban, Mario"]
[Black "Svrcek, Lubos"]
[Result "1-0"]
[WhiteElo "2148"]
[BlackElo "1982"]
[PlyCount "217"]
[EventDate "2023.10.21"]
[EventType "team-tourn"]
[EventRounds "11"]
[EventCountry "SVK"]
[SourceTitle "EXT 2025"]
[Source "ChessBase"]
[SourceDate "2024.10.14"]
[SourceVersion "1"]
[SourceVersionDate "2024.10.14"]
[SourceQuality "1"]
[WhiteTeam "Dunajov Martin"]
[BlackTeam "Michalovce Zemplin"]
[WhiteTeamCountry "SVK"]
[BlackTeamCountry "SVK"]

1. e4 c5 2. Nf3 g6 3. c3 a6 4. d4 cxd4 5. cxd4 d5 6. exd5 Nf6 7. Qa4+ Nbd7 8. Nc3 Bg7 9. Ne5 0-0 10. Nxd7 Nxd7 11. Be3 b5 12. Qb3 Nb6 13. Be2 Bb7 14. Bf3 Qd7 15. a4 Nxa4 16. Nxa4 bxa4 17. Qxa4 Rfd8 18. Qxd7 Rxd7 19. Ra5 Rad8 20. 0-0 Bxd5 21. Bxd5 Rxd5 22. Rxa6 Rb5 23. Ra2 Bxd4 24. Rd1 e5 25. Kf1 Rb4 26. Ke2 Kg7 27. Bxd4 exd4 28. Kd3 Rdb8 29. Rd2 R8b7 30. Kc2 Kf6 31. Ra6+ Ke5 32. Ra5+ Ke4 33. Re2+ Kf4 34. Kb1 d3 35. Rd2 Ke4 36. Ra3 Rd7 37. Kc1 Rc4+ 38. Kb1 f5 39. Ra8 f4 40. Re8+ Kf5 41. Rf8+ Kg4 42. f3+ Kg5 43. Re8 Rc5 44. Re1 Rb5 45. Red1 Rb3 46. Ka2 Rdb7 47. Rc1 Kf6 48. Rc8 Ke7 49. Rc4 g5 50. Rd4 R3b5 51. R4xd3 Ke6 52. Rd6+ Ke5 53. R6d3 Ra7+ 54. Ra3 Rc7 55. Rc3 Ra7+ 56. Kb1 Rab7 57. Rc4 h5 58. Rdc2 Kd6 59. h4 Rg7 60. hxg5 Rbxg5 61. Rc6+ Kd5 62. R6c5+ Kd4 63. R5c4+ Kd3 64. R4c3+ Kd4 65. Rd2+ Ke5 66. Rc5+ Ke6 67. Rxg5 Rxg5 68. Kc2 h4 69. Kd3 Kd5 70. Ke2+ Ke5 71. Kf2 Rg3 72. Rd1 h3 73. Rg1 hxg2 74. Rxg2 Rh3 75. b4 Rh1 76. Rg5+ Kd4 77. Rf5 Rh2+ 78. Kg1 Rb2 79. Rxf4+ Ke3 80. Rf5 Rxb4 81. Kg2 Rb1 82. Rf7 Ra1 83. Rf8 Rb1 84. Rc8 Ra1 85. Rc4 Rb1 86. Re4+ Kd3 87. Kg3 Rg1+ 88. Kf4 Rf1 89. Re7 Kd4 90. Rd7+ Kc5 91. Ke4 Kc6 92. Rd4 Kc5 93. Rd8 Kc6 94. f4 Kc7 95. Rd4 Rb1 96. Ke5 Rb5+ 97. Kf6 Rb6+ 98. Kg5 Rb1 99. f5 Rg1+ 100. Kf6 Rg2 101. Ke6 Re2+ 102. Kf7 Rg2 103. f6 Rf2 104. Ke7 Re2+ 105. Kf8 Rf2 106. f7 Re2 107. Rf4 Rg2 108. Ke7 Re2+ 109. Kf6 1-0

[Event "SVK-chT2C 2324"]
[Site "Slovakia"]
[Date "2023.12.02"]
[Round "5.1"]
[White "Durnik, Stefan"]
[Black "Garban, Mario"]
[Result "0-1"]
[WhiteElo "1999"]
[BlackElo "2148"]
[PlyCount "90"]
[EventDate "2023.10.07"]
[EventType "team-tourn"]
[EventRounds "11"]
[EventCountry "SVK"]
[SourceTitle "EXT 2025"]
[Source "ChessBase"]
[SourceDate "2024.10.14"]
[SourceVersion "1"]
[SourceVersionDate "2024.10.14"]
[SourceQuality "1"]
[WhiteTeam "Martin Medea"]
[BlackTeam "Dunajov Martin III"]
[WhiteTeamCountry "SVK"]
[BlackTeamCountry "SVK"]

1. e4 e5 2. Nf3 Nc6 3. d4 d6 4. dxe5 dxe5 5. Qxd8+ Kxd8 6. Bc4 f6 7. Be3 Na5 8. Be2 Be6 9. Nbd2 c6 10. a3 b6 11. b4 Nb7 12. 0-0 Kc7 13. Rfb1 g6 14. Bc4 Bxc4 15. Nxc4 Bh6 16. Rd1 Bxe3 17. Nxe3 Nd6 18. Nd2 Nb5 19. Nb1 a5 20. c4 Nd4 21. Nc3 Ne7 22. b5 cxb5 23. cxb5 Kb7 24. a4 Rhd8 25. Ncd5 Nxd5 26. Nxd5 f5 27. f3 Rac8 28. Kf1 Nc2 29. Ra2 Rxd5 30. Rxd5 Ne3+ 31. Ke2 Nxd5 32. exd5 Rc4 33. Rd2 Rxa4 34. d6 Rd4 35. Rxd4 exd4 36. Kd3 Kc8 37. Kxd4 Kd7 38. Kd5 f4 39. g3 g5 40. gxf4 gxf4 41. h4 h5 42. Ke5 a4 43. Kd4 Kxd6 44. Kc4 Ke5 45. Kb4 Kd4 0-1

[Event "SVK-chT1E 2223"]
[Site "Slovakia"]
[Date "2023.11.26"]
[Round "4.5"]
[White "Vestur, Rastislav"]
[Black "Garban, Mario"]
[Result "0-1"]
[WhiteElo "1852"]
[BlackElo "2148"]
[PlyCount "86"]
[EventDate "2023.10.21"]
[EventType "team-tourn"]
[EventRounds "11"]
[EventCountry "SVK"]
[SourceTitle "EXT 2025"]
[Source "ChessBase"]
[SourceDate "2024.10.14"]
[SourceVersion "1"]
[SourceVersionDate "2024.10.14"]
[SourceQuality "1"]
[WhiteTeam "Kezmarok KdV"]
[BlackTeam "Dunajov Martin"]
[WhiteTeamCountry "SVK"]
[BlackTeamCountry "SVK"]

1. Nf3 d6 2. d4 Bg4 3. c4 Nd7 4. e4 e5 5. d5 Be7 6. Be2 Bxf3 7. Bxf3 Bg5 8. Nc3 Bxc1 9. Rxc1 Ne7 10. 0-0 0-0 11. Ne2 a5 12. a3 a4 13. Rc3 Nc5 14. Ng3 Ng6 15. Nf5 Nh4 16. Nxh4 Qxh4 17. g3 Qh6 18. Qc1 Qxc1 19. Rfxc1 Ra6 20. Re1 Rb6 21. Re2 Rb3 22. Rxb3 Nxb3 23. Re3 Ra8 24. Bg4 f6 25. Be6+ Kf8 26. Bd7 Nd4 27. Bg4 Ra6 28. Bd1 Rb6 29. Bxa4 Rxb2 30. Kg2 Ke7 31. Rc3 b6 32. h4 h6 33. Bd1 Rb1 34. Ba4 Kd8 35. g4 Ne2 36. Rc2 Nf4+ 37. Kg3 Rg1+ 38. Kf3 Rh1 39. Ke3 Rxh4 40. f3 Rh1 41. Rb2 Re1+ 42. Kd2 Re2+ 43. Kc3 Re3+ 0-1